[Event "Roncana op-B 9th"]
[Site "Santa Eulalia de Roncana"]
[Date "2015.10.24"]
[Round "3"]
[White "Sola Montoya, Josep"]
[Black "Alonso Rodriguez, Francisco Javier"]
[Result "1-0"]
[WhiteElo "1865"]
[BlackElo "1822"]
[PlyCount "120"]
[EventDate "2015.10.03"]
[EventType "swiss"]
[EventRounds "8"]
[EventCountry "ESP"]
[SourceTitle "EXT 2017"]
[Source "ChessBase"]
[SourceDate "2016.10.25"]
[SourceVersion "1"]
[SourceVersionDate "2016.10.25"]
[SourceQuality "1"]

1. d4 Nf6 2. c4 c5 3. d5 b5 4. cxb5 a6 5. b6 Qxb6 6. Nc3 d6 7. e4 Nbd7 8. Nf3 g6 9. Bd3 Bg7 10. 0-0 0-0 11. Rb1 Ng4 12. Bg5 Ndf6 13. h3 Ne5 14. Nxe5 dxe5 15. Be3 Bd7 16. b4 Rfb8 17. Bxc5 Qd8 18. Bc2 Bb5 19. Re1 Ne8 20. Bb3 Nd6 21. a4 Bc4 22. Bxc4 Nxc4 23. Qd3 Nd6 24. a5 Qc7 25. Na4 Nb7 26. Bb6 Qd6 27. Nc5 e6 28. dxe6 Qxd3 29. Nxd3 fxe6 30. Red1 Rc8 31. Nc5 Nxc5 32. bxc5 Rc6 33. Rd6 Rac8 34. Rbd1 Bf8 35. Rxc6 Rxc6 36. Rd8 Kg7 37. Rd7+ Kh6 38. Rc7 Rxc7 39. Bxc7 Bxc5 40. Bxe5 Bb4 41. Bc7 Kg5 42. Kf1 Bc3 43. Ke2 e5 44. Kd3 Be1 45. f3 Kf4 46. Kc4 Bf2 47. Kd5 Bd4 48. Kc6 Kg3 49. Kb7 Kxg2 50. Kxa6 Kxf3 51. Kb7 Kxe4 52. Bb6 Kf3 53. a6 Bxb6 54. Kxb6 e4 55. a7 e3 56. a8Q+ Kf2 57. Qf8+ Ke1 58. Qb4+ Kf2 59. Qf4+ Ke2 60. Kc5 Kd3 1-0

[Event "Roncana op-B 8th"]
[Site "Santa Eulalia de Roncana"]
[Date "2014.10.18"]
[Round "2"]
[White "Alonso Rodriguez, Francisco Javier"]
[Black "Jimenez Calafell, Marc"]
[Result "1/2-1/2"]
[WhiteElo "1807"]
[BlackElo "1700"]
[PlyCount "109"]
[EventDate "2014.10.11"]
[EventType "swiss"]
[EventRounds "8"]
[EventCountry "ESP"]
[SourceTitle "EXT 2016"]
[Source "ChessBase"]
[SourceDate "2015.10.08"]
[SourceVersion "1"]
[SourceVersionDate "2015.10.08"]
[SourceQuality "1"]

1. e4 e5 2. Nf3 Nc6 3. d4 exd4 4. Nxd4 Bc5 5. c3 Nf6 6. Nxc6 bxc6 7. Nd2 0-0 8. Bd3 Re8 9. 0-0 d5 10. Qe2 h6 11. h3 Qd6 12. Re1 Bf5 13. e5 Bxd3 14. Qxd3 Rxe5 15. Rxe5 Qxe5 16. Nf3 Qe4 17. Qxe4 Nxe4 18. Nd4 Re8 19. Bf4 Bxd4 20. cxd4 Re7 21. Rc1 g5 22. Be3 Re6 23. Kh2 f5 24. f3 f4 25. fxe4 fxe3 26. e5 e2 27. b4 c5 28. bxc5 Ra6 29. Kg3 Rxa2 30. Kf3 Rd2 31. Re1 Rxd4 32. Rxe2 Re4 33. Ra2 Rxe5 34. Rxa7 Re7 35. Ra8+ Kf7 36. Rd8 Ke6 37. Ke3 Ke5 38. Kd3 c6 39. Rd6 Re6 40. Rd8 Rg6 41. g3 Rf6 42. Re8+ Re6 43. Rd8 Kf5 44. Rf8+ Rf6 45. Rd8 g4 46. h4 Ke6 47. Kd4 Ke7 48. Rh8 Re6 49. Rh7+ Kd8 50. Rh8+ Kc7 51. Rh7+ Kb8 52. Kd3 Rf6 53. Kd4 Rg6 54. Kd3 Rf6 55. Kd4 1/2-1/2

[Event "Vall del Tenes op 3rd"]
[Site "Santa Eulalia de Roncana"]
[Date "2014.06.13"]
[Round "8"]
[White "Alonso Rodriguez, Francisco Javier"]
[Black "Rodriguez Saez, Joan Pere"]
[Result "1-0"]
[WhiteElo "1820"]
[BlackElo "1700"]
[PlyCount "65"]
[EventDate "2014.04.25"]
[EventType "swiss"]
[EventRounds "8"]
[EventCountry "ESP"]
[SourceTitle "EXT 2015"]
[Source "ChessBase"]
[SourceDate "2014.11.20"]
[SourceVersion "1"]
[SourceVersionDate "2014.11.20"]
[SourceQuality "1"]

1. d4 d5 2. Nf3 Nf6 3. Bf4 Bg4 4. e3 e6 5. Nbd2 Bd6 6. Bg3 Bxg3 7. hxg3 Nc6 8. c4 e5 9. Qb3 exd4 10. Nxd4 Nxd4 11. exd4 Qe7+ 12. Qe3 Qxe3+ 13. fxe3 0-0-0 14. Nf3 h6 15. c5 Ne4 16. Ne5 Rhf8 17. Nxg4 Nxg3 18. Rh3 Nf5 19. Bd3 Ne7 20. Rf3 f6 21. b4 a6 22. a4 c6 23. b5 a5 24. bxc6 Nxc6 25. Rb1 Nb4 26. Bb5 Rf7 27. Kd2 Re7 28. Nf2 Rf8 29. Nd3 Nxd3 30. Kxd3 Rff7 31. Kd2 Re4 32. Bd3 Rg4 33. Bf5+ 1-0

[Event "Vall del Tenes op 3rd"]
[Site "Santa Eulalia de Roncana"]
[Date "2014.04.25"]
[Round "1"]
[White "Sola Lluch, Miquel"]
[Black "Alonso Rodriguez, Francisco Javier"]
[Result "1-0"]
[WhiteElo "2054"]
[BlackElo "1820"]
[PlyCount "62"]
[EventDate "2014.04.25"]
[EventType "swiss"]
[EventRounds "8"]
[EventCountry "ESP"]
[SourceTitle "CBM 160 Extra"]
[Source "ChessBase"]
[SourceDate "2014.07.01"]
[SourceVersion "1"]
[SourceVersionDate "2014.07.01"]
[SourceQuality "1"]

1. d4 d5 2. Nf3 e6 3. c4 c5 4. cxd5 exd5 5. g3 Nf6 6. Bg2 Be7 7. 0-0 0-0 8. dxc5 Bxc5 9. Bg5 h6 10. Bf4 Nc6 11. Ne5 Re8 12. Nd3 Bb6 13. h3 Bf5 14. Kh2 Rc8 15. Nc3 a6 16. Rc1 Ne4 17. Na4 Ba7 18. Nac5 Nxc5 19. Nxc5 Qe7 20. Qxd5 Be6 21. Nxe6 Qxe6 22. Qxe6 Rxe6 23. e4 Rd8 24. h4 Ne5 25. Bxe5 Rxe5 26. Rc2 Rb5 27. f4 f6 28. b3 Bb6 29. Bh3 Kf7 30. Re1 Rc5 31. Ree2 Rdc8 1-0

[Event "Roncana op-B 7th"]
[Site "Santa Eulalia de Roncana"]
[Date "2013.11.09"]
[Round "5"]
[White "Alonso Rodriguez, Francisco Javier"]
[Black "Nateras Jimenez, Alfonso"]
[Result "0-1"]
[WhiteElo "1582"]
[BlackElo "1750"]
[PlyCount "110"]
[EventDate "2013.10.05"]
[EventType "swiss"]
[EventRounds "8"]
[EventCountry "ESP"]
[SourceTitle "EXT 2015"]
[Source "ChessBase"]
[SourceDate "2014.11.20"]
[SourceVersion "1"]
[SourceVersionDate "2014.11.20"]
[SourceQuality "1"]

1. d4 d5 2. Nf3 Nc6 3. Bf4 e6 4. e3 a6 5. Nbd2 Bd6 6. c3 Bxf4 7. exf4 Nge7 8. Bd3 Ng6 9. g3 0-0 10. 0-0 f6 11. Re1 Qd6 12. Qc2 f5 13. Ne5 Ngxe5 14. fxe5 Qd8 15. Nf3 Ne7 16. Ng5 Ng6 17. f4 h6 18. Nh3 Bd7 19. Nf2 Be8 20. Be2 Ne7 21. Qd1 Bg6 22. a4 Qe8 23. Qc2 Bh5 24. Bf1 Qg6 25. Re3 Qh7 26. c4 Nc6 27. Rd3 Nb4 28. Qb3 Nxd3 29. Nxd3 dxc4 30. Qxc4 Qg6 31. Qxc7 Bf3 32. Qc2 Rad8 33. Qf2 Be4 34. Nc5 Bd5 35. Rd1 h5 36. Bg2 Qg4 37. Rd2 Bxg2 38. Qxg2 Rc8 39. Qxb7 h4 40. Qg2 h3 41. Qf1 Rc6 42. b4 Rd8 43. b5 Rxc5 44. b6 Rcd5 45. b7 g5 46. Qxa6 Kf7 47. Qa7 Ke8 48. b8Q Rxb8 49. Qxb8+ Rd8 50. Qb5+ Rd7 51. d5 Qf3 52. dxe6 Qe3+ 53. Rf2 Qe1+ 54. Rf1 Qe3+ 55. Kh1 Qe4+ 0-1

[Event "Roncana op-B 7th"]
[Site "Santa Eulalia de Roncana"]
[Date "2013.10.26"]
[Round "4"]
[White "Alonso Rodriguez, Francisco Javier"]
[Black "Alcaraz Aguilera, David"]
[Result "0-1"]
[WhiteElo "1582"]
[BlackElo "1693"]
[PlyCount "70"]
[EventDate "2013.10.05"]
[EventType "swiss"]
[EventRounds "8"]
[EventCountry "ESP"]
[SourceTitle "EXT 2015"]
[Source "ChessBase"]
[SourceDate "2014.11.20"]
[SourceVersion "1"]
[SourceVersionDate "2014.11.20"]
[SourceQuality "1"]

1. e4 e6 2. d4 b6 3. Nf3 Bb7 4. Bd3 d6 5. 0-0 Nf6 6. Bg5 Be7 7. Nbd2 Nh5 8. Bxe7 Qxe7 9. c4 Nf4 10. Bc2 0-0 11. Qe1 Nd7 12. Qe3 e5 13. d5 Nf6 14. h3 N6h5 15. Nh2 Qg5 16. Ng4 Nf6 17. Nxf6+ Qxf6 18. Nf3 Qg6 19. Ne1 Bc8 20. g4 h5 21. Kh2 hxg4 22. Rg1 Qh5 23. Rg3 Nxh3 24. Rxh3 gxh3 25. Nf3 Bg4 26. Ng5 f5 27. exf5 Bxf5 28. f4 Bxc2 29. Ne6 Rf6 30. Rg1 g6 31. Rg5 Qh4 32. Qg1 Re8 33. f5 Rfxe6 34. dxe6 Qf4+ 35. Kxh3 Bxf5+ 0-1

[Event "Roncana op-B 7th"]
[Site "Santa Eulalia de Roncana"]
[Date "2013.10.12"]
[Round "2"]
[White "Alonso Rodriguez, Francisco Javier"]
[Black "Nicomedes Carmona, Jose"]
[Result "1-0"]
[WhiteElo "1582"]
[BlackElo "1763"]
[PlyCount "43"]
[EventDate "2013.10.05"]
[EventType "swiss"]
[EventRounds "8"]
[EventCountry "ESP"]
[SourceTitle "EXT 2015"]
[Source "ChessBase"]
[SourceDate "2014.11.20"]
[SourceVersion "1"]
[SourceVersionDate "2014.11.20"]
[SourceQuality "1"]

1. d4 e6 2. Nf3 c5 3. e3 cxd4 4. exd4 Nf6 5. Bf4 Nc6 6. Bd3 Be7 7. c3 Nh5 8. Bg3 a6 9. Nbd2 Nxg3 10. hxg3 Qc7 11. Qe2 h6 12. Ne5 b6 13. Qf3 Bf6 14. Ndc4 Bb7 15. Nxc6 Bxc6 16. Qg4 b5 17. Ne3 Qb7 18. 0-0-0 Rc8 19. f3 Qb6 20. Be4 d5 21. Nxd5 exd5 22. Qxc8+ 1-0

[Event "Vall del Tenes op 2nd"]
[Site "Vall del Tenes"]
[Date "2013.05.10"]
[Round "5"]
[White "Alonso Rodriguez, Francisco Javier"]
[Black "Valero Soler, Jaume"]
[Result "0-1"]
[WhiteElo "1584"]
[BlackElo "1787"]
[PlyCount "120"]
[EventDate "2013.04.05"]
[EventType "swiss"]
[EventRounds "8"]
[EventCountry "ESP"]
[SourceTitle "EXT 2014"]
[Source "ChessBase"]
[SourceDate "2013.11.20"]
[SourceVersion "1"]
[SourceVersionDate "2013.11.20"]
[SourceQuality "1"]

1. e4 e6 2. d3 d5 3. Qe2 d4 4. Nf3 c5 5. g3 Nc6 6. Bg2 e5 7. 0-0 Bg4 8. Nbd2 Nf6 9. Nc4 b5 10. Ncd2 Qd7 11. c4 b4 12. b3 h5 13. h4 Be7 14. Re1 Nh7 15. Nf1 g5 16. hxg5 Bxg5 17. N1h2 Bxc1 18. Raxc1 Nf6 19. Nxg4 hxg4 20. Nh4 0-0-0 21. Qd2 Rdg8 22. Ra1 Nh7 23. a3 Nf8 24. axb4 Nxb4 25. Ra5 Qc7 26. Rea1 a6 27. Rxa6 Nxa6 28. Rxa6 Nd7 29. Nf5 Kb8 30. Ne7 Kb7 31. Qa2 Ra8 32. Ra4 Nb6 33. Nd5 Rxa4 34. bxa4 Nxd5 35. exd5 Qd6 36. Qb3+ Ka7 37. Qb5 Rb8 38. Qc6 Qxc6 39. dxc6 Kb6 40. Be4 Kc7 41. Kg2 Ra8 42. f3 gxf3+ 43. Kxf3 Rxa4 44. Kg4 Ra7 45. Kf5 Kd6 46. Kf6 Re7 47. Bd5 e4 48. c7 Rxc7 49. Bxe4 Re7 50. g4 Rxe4 51. dxe4 d3 52. e5+ Kc7 53. Kxf7 d2 54. e6 d1Q 55. g5 Qf1+ 56. Ke7 Qxc4 57. g6 Qh4+ 58. Kf7 Qf4+ 59. Ke7 Qg5+ 60. Kf7 Qf5+ 0-1

[Event "Vall del Tenes op 2nd"]
[Site "Vall del Tenes"]
[Date "2013.05.03"]
[Round "4"]
[White "Puigdueta Xalabarder, Antoni"]
[Black "Alonso Rodriguez, Francisco Javier"]
[Result "0-1"]
[WhiteElo "1718"]
[BlackElo "1584"]
[PlyCount "60"]
[EventDate "2013.04.05"]
[EventType "swiss"]
[EventRounds "8"]
[EventCountry "ESP"]
[SourceTitle "EXT 2014"]
[Source "ChessBase"]
[SourceDate "2013.11.20"]
[SourceVersion "1"]
[SourceVersionDate "2013.11.20"]
[SourceQuality "1"]

1. e4 c5 2. Nf3 Nf6 3. d4 cxd4 4. Nxd4 g6 5. Be3 Bg7 6. Nc3 Nc6 7. Nxc6 bxc6 8. e5 Ng8 9. f4 Nh6 10. Be2 Nf5 11. Qd2 Nxe3 12. Qxe3 0-0 13. g4 Qb6 14. Qxb6 axb6 15. h4 d5 16. g5 Bf5 17. Bd3 Bxd3 18. cxd3 f6 19. d4 fxe5 20. fxe5 Rf4 21. 0-0-0 e6 22. b4 c5 23. bxc5 bxc5 24. Rh2 cxd4 25. Ne2 Bxe5 26. Nxf4 Bxf4+ 27. Rdd2 Rxa2 28. Kd1 Ra1+ 29. Kc2 Bxh2 30. Rxh2 Ra2+ 0-1

[Event "Vall del Tenes op 2nd"]
[Site "Vall del Tenes"]
[Date "2013.04.05"]
[Round "1"]
[White "Alonso Rodriguez, Francisco Javier"]
[Black "Font Purroy, Vicenc"]
[Result "0-1"]
[WhiteElo "1584"]
[BlackElo "2128"]
[PlyCount "50"]
[EventDate "2013.04.05"]
[EventType "swiss"]
[EventRounds "8"]
[EventCountry "ESP"]
[SourceTitle "EXT 2014"]
[Source "ChessBase"]
[SourceDate "2013.11.20"]
[SourceVersion "1"]
[SourceVersionDate "2013.11.20"]
[SourceQuality "1"]

1. e4 d6 2. d4 g6 3. Nc3 Bg7 4. Be3 Nf6 5. f3 c6 6. Qd2 b5 7. 0-0-0 b4 8. Nb1 a5 9. b3 0-0 10. Bh6 Qb6 11. Bxg7 Kxg7 12. h4 a4 13. g4 axb3 14. cxb3 Qa5 15. h5 Qxa2 16. Qxb4 Be6 17. Bc4 Bxc4 18. Qxc4 Qg2 19. Ne2 Qxf3 20. hxg6 hxg6 21. Nd2 Qe3 22. Nc3 d5 23. exd5 cxd5 24. Nxd5 Nxd5 25. Qxd5 Qc3+ 0-1

[Event "Llinars del Valles op-B 6th"]
[Site "Llinars del Valles"]
[Date "2012.05.19"]
[Round "6"]
[White "Bertran Milia, Eduard"]
[Black "Alonso Rodriguez, Francisco Javier"]
[Result "0-1"]
[WhiteElo "1707"]
[BlackElo "1593"]
[PlyCount "52"]
[EventDate "2012.04.14"]
[EventType "swiss"]
[EventRounds "9"]
[EventCountry "ESP"]
[SourceTitle "EXT 2013"]
[Source "ChessBase"]
[SourceDate "2012.11.22"]
[SourceVersion "1"]
[SourceVersionDate "2012.11.22"]
[SourceQuality "1"]

1. e4 c5 2. Nf3 Nc6 3. d4 cxd4 4. Nxd4 g6 5. Bc4 Bg7 6. Be3 Nf6 7. Nc3 0-0 8. f3 Qb6 9. Bb3 Nxe4 10. Nd5 Qa5+ 11. c3 Nc5 12. Nxc6 dxc6 13. Nxe7+ Kh8 14. Nxc8 Raxc8 15. 0-0 Rcd8 16. Qc2 a6 17. Bxf7 Rxf7 18. b4 Qa3 19. Bxc5 Bxc3 20. Rad1 Rfd7 21. Rxd7 Rxd7 22. Qe4 Kg7 23. Qe8 Rf7 24. Rd1 Qxa2 25. Rd7 Qb1+ 26. Kf2 Qe1+ 0-1

[Event "Vall del Tenes op 1st"]
[Site "Vall del Tenes"]
[Date "2012.05.11"]
[Round "5"]
[White "Alonso Rodriguez, Francisco Javier"]
[Black "Rodriguez Martinez, Juan P"]
[Result "0-1"]
[WhiteElo "1593"]
[BlackElo "1948"]
[PlyCount "70"]
[EventDate "2012.04.13"]
[EventType "swiss"]
[EventRounds "8"]
[EventCountry "ESP"]
[SourceTitle "CBM 148 Extra"]
[Source "ChessBase"]
[SourceDate "2012.06.22"]
[SourceVersion "1"]
[SourceVersionDate "2012.06.22"]
[SourceQuality "1"]

1. e4 g6 2. d4 Bg7 3. Nc3 d6 4. Be3 Nf6 5. Qd2 Nbd7 6. 0-0-0 a6 7. f3 b5 8. Bh6 Bxh6 9. Qxh6 c5 10. dxc5 b4 11. Nd5 Nxd5 12. Rxd5 Nxc5 13. Qg7 Rf8 14. b3 Be6 15. Rd2 Qb6 16. Qd4 Rc8 17. Bc4 a5 18. Bxe6 fxe6 19. Nh3 a4 20. Kb1 axb3 21. cxb3 Qa5 22. Rc1 Kf7 23. Ng5+ Kg8 24. Qc4 Rf6 25. e5 d5 26. Rxd5 exd5 27. Qxd5+ e6 28. Nxe6 Rxe6 29. Rxc5 Qxc5 30. Qxe6+ Kf8 31. Qf6+ Ke8 32. Qe6+ Kd8 33. Qf6+ Kc7 34. Qf7+ Kb8 35. Qf4 Qc2+ 0-1

[Event "Roncana op-B 5th"]
[Site "Santa Eulalia de Roncana"]
[Date "2011.11.05"]
[Round "5"]
[White "Alonso Rodriguez, Francisco Javier"]
[Black "Rodriguez Sorribes, Josep Antoni"]
[Result "0-1"]
[WhiteElo "1583"]
[BlackElo "1527"]
[PlyCount "84"]
[EventDate "2011.10.01"]
[EventType "swiss"]
[EventRounds "8"]
[EventCountry "ESP"]
[SourceTitle "EXT 2013"]
[Source "ChessBase"]
[SourceDate "2012.11.22"]
[SourceVersion "1"]
[SourceVersionDate "2012.11.22"]
[SourceQuality "1"]

1. e4 c5 2. Nf3 Nc6 3. d4 cxd4 4. Nxd4 Qa5+ 5. Nc3 e6 6. a3 Nf6 7. Nb3 Qc7 8. Be2 a6 9. 0-0 h5 10. Bg5 Ng4 11. Bxg4 hxg4 12. g3 Ne5 13. Nd2 Qb6 14. b4 d6 15. Bf4 f5 16. Bxe5 dxe5 17. Nc4 Qd4 18. Qd3 b5 19. Nd2 Qxd3 20. cxd3 Bb7 21. Nb3 0-0-0 22. Rfd1 Be7 23. Rac1 Kb8 24. Na5 Ba8 25. Nb3 g5 26. Nc5 Bxc5 27. bxc5 f4 28. gxf4 gxf4 29. Ne2 Rh3 30. Ng3 fxg3 31. fxg3 Bc6 32. Rc2 Bxe4 33. Re2 Bf3 34. Rde1 Bxe2 35. Rxe2 Rd5 36. d4 Rh5 37. Re4 Rg5 38. dxe5 Rdxe5 39. Rf4 Rxc5 40. Rf8+ Rc8 41. Rf6 Rc6 42. Rf8+ Kb7 0-1

[Event "Llinars del Valles op-B 5th"]
[Site "Llinars del Valles"]
[Date "2011.05.07"]
[Round "2"]
[White "Corominas Garrido, Jordi"]
[Black "Alonso Rodriguez, Francisco Javier"]
[Result "1-0"]
[WhiteElo "1893"]
[BlackElo "1618"]
[PlyCount "113"]
[EventDate "2011.04.30"]
[EventType "swiss"]
[EventRounds "7"]
[EventCountry "ESP"]
[SourceTitle "EXT 2012"]
[Source "ChessBase"]
[SourceDate "2011.11.24"]
[SourceVersion "1"]
[SourceVersionDate "2011.11.24"]
[SourceQuality "1"]

1. c4 c5 2. g3 g6 3. Bg2 Bg7 4. Nc3 Nc6 5. Nf3 e5 6. d3 Nge7 7. Bg5 h6 8. Bd2 d6 9. 0-0 0-0 10. e3 Be6 11. h3 Qd7 12. Kh2 f5 13. Ng1 Rf7 14. Nd5 Raf8 15. Bc3 Kh7 16. Ne2 Ng8 17. f4 exf4 18. exf4 Nd4 19. Nxd4 cxd4 20. Bd2 Bxd5 21. Bxd5 Re7 22. b4 Rfe8 23. Qf3 Nf6 24. Rae1 Nxd5 25. cxd5 Qa4 26. Rf2 Qxa2 27. g4 fxg4 28. hxg4 Qa4 29. Kg2 Qd7 30. Rh1 b6 31. f5 Rf7 32. Qh3 Rh8 33. f6 Rxf6 34. Rxf6 Bxf6 35. Qxh6+ Kg8 36. Qxg6+ Qg7 37. Rxh8+ Kxh8 38. Qxg7+ Kxg7 39. b5 Kg6 40. Kf3 Be5 41. Ke4 Bf6 42. Bf4 Be7 43. Kxd4 Bf8 44. Ke4 Be7 45. d4 Bf8 46. Kf3 Be7 47. Kg3 Bf8 48. Kh4 Be7+ 49. Kh3 Bf8 50. Bg3 Be7 51. Bh4 Bxh4 52. Kxh4 Kh6 53. g5+ Kg6 54. Kg4 Kg7 55. Kf5 Kf7 56. g6+ Ke7 57. Kg5 1-0

[Event "Roncana Tancats-chT 1st"]
[Site "Santa Eulalia de Roncana"]
[Date "2009.05.14"]
[Round "4"]
[White "Alonso Rodriguez, Francisco Javier"]
[Black "Bouzas Arcos, Juan Manuel"]
[Result "0-1"]
[WhiteElo "1669"]
[BlackElo "1774"]
[PlyCount "44"]
[EventDate "2009.04.23"]
[EventType "team-swiss"]
[EventRounds "9"]
[EventCountry "ESP"]
[SourceTitle "EXT 2011"]
[Source "ChessBase"]
[SourceDate "2010.11.26"]
[SourceVersion "1"]
[SourceVersionDate "2010.11.26"]
[SourceQuality "1"]

1. d4 f5 2. Nf3 Nf6 3. Bg5 e6 4. h3 Be7 5. e3 d5 6. Nbd2 Nbd7 7. Bd3 Ne4 8. Bxe7 Qxe7 9. 0-0 0-0 10. c4 c6 11. Bxe4 fxe4 12. Nh2 e5 13. c5 exd4 14. exd4 Qg5 15. Qe2 Nf6 16. Qe3 Qg6 17. Nb3 Nh5 18. Nc1 Nf4 19. Qg3 Qh5 20. Qe3 Nxh3+ 21. gxh3 Bxh3 22. Re1 Rf3 0-1

[Event "Roncana Tancats-chT 1st"]
[Site "Santa Eulalia de Roncana"]
[Date "2009.04.23"]
[Round "1"]
[White "Parramon Arimany, Marc"]
[Black "Alonso Rodriguez, Francisco Javier"]
[Result "1-0"]
[WhiteElo "1834"]
[BlackElo "1669"]
[PlyCount "41"]
[EventDate "2009.04.23"]
[EventType "team-swiss"]
[EventRounds "9"]
[EventCountry "ESP"]
[SourceTitle "EXT 2011"]
[Source "ChessBase"]
[SourceDate "2010.11.26"]
[SourceVersion "1"]
[SourceVersionDate "2010.11.26"]
[SourceQuality "1"]

1. e4 e5 2. Nf3 Nc6 3. Nc3 Nf6 4. d4 exd4 5. Nd5 Be7 6. Bf4 d6 7. Bb5 Bd7 8. Bxc6 Bxc6 9. Qxd4 0-0 10. 0-0-0 a5 11. g4 Qd7 12. Rhg1 Nxd5 13. exd5 Bf6 14. dxc6 Qxc6 15. Qd3 Qa4 16. Bg5 Bxg5+ 17. Nxg5 Qf4+ 18. Qd2 Qc4 19. Kb1 Qc6 20. Qd3 g6 21. Qh3 1-0